L'idea dei diritti naturali. Diritti naturali, legge naturale e diritto canonico 1150-1625.
Tallennettuna:
| Päätekijä: | |
|---|---|
| Aineistotyyppi: | Kirja |
| Julkaistu: |
Bologna, Italia:
Il Mulino,
2002.
|
| Sarja: | Collezione di Testi e di Studi.
|
| Aiheet: | |
| Tagit: |
Lisää tagi
Ei tageja, Lisää ensimmäinen tagi!
|
MARC
| LEADER | 00000nam a22000007a 4500 | ||
|---|---|---|---|
| 003 | CL-VaPUC | ||
| 005 | 20220822114737.0 | ||
| 008 | 220727t2002 ||||| |||| 00| 0 eng d | ||
| 999 | |c 437674 |d 437672 | ||
| 020 | |a 88-15-08941-1 | ||
| 040 | |c Pontificia Universidad Católica de Valparaíso | ||
| 082 | |a 340.112 TIE 2002 | ||
| 100 | 1 | |a Tierney, Brian |e autore |9 872525 | |
| 245 | 1 | 3 | |a L'idea dei diritti naturali. |b Diritti naturali, legge naturale e diritto canonico 1150-1625. |
| 260 | |a Bologna, Italia: |b Il Mulino, |c 2002. | ||
| 300 | |a 506 páginas. | ||
| 490 | |a Collezione di Testi e di Studi. | ||
| 500 | |a c.1 Donación Familia Prof. Alejandro Guzmán Brito. | ||
| 583 | |c 20220708 |k Cristina María Rojas Aguilar | ||
| 650 | |a Derecho natural |x Historia |9 869335 | ||
| 942 | |2 ddc |c BK |n 0 | ||
| 952 | |0 0 |1 0 |2 ddc |4 0 |6 340_112000000000000_TIE_2002 |7 1 |8 C_AGB |9 585463 |a BIBDER |b BIBDER |d 2022-07-27 |e Donación |i 5653470 |o 340.112 TIE 2002 |p 5653470 |r 2023-01-25 |t 1 |w 2022-07-27 |y BK_US |k AGB | ||